000 00654nam a2200193Ii 4500
003 JO-AjNU
008 230605s9999||||xx |||||||||||||| ||und||
040 _aJO-AjNU
_bara
_erda
_cJO-AjNU
041 _aara
050 1 4 _aPJ7580.S55 1900
100 3 _aد.م,
_eauthor
_917081
245 0 0 _aسيرة بني هلال
264 3 1 _aبيروت:دار الكتب الشعبية،1900
300 _a264ص
336 _atext
_btxt
_2rdacontent
337 _aunmediated
_bn
_2rdamedia
338 _avolume
_bnc
_2rdacarrier
650 4 _aالأساطير - البلاد العربية - الأدب الشعبي العربي - بنو هلال (قبيلة)
_917082
999 _aA5201
_c8769
_d8769